BIBLIOTECA

SENCICO

Modelo de tienda de la marca Guess para jóvenes empresarios en San Isidro / (Registro nro. 4570)

Detalles MARC
000 -LEADER
fixed length control field 01377nam a22003017a 4500
003 - CONTROL NUMBER IDENTIFIER
control field PE SENCICO BE
005 - DATE AND TIME OF LATEST TRANSACTION
control field 20251020182652.0
008 - FIXED-LENGTH DATA ELEMENTS--GENERAL INFORMATION
fixed length control field 240214b |||||||| |||| 00| 0 eng d
040 ## - CATALOGING SOURCE
Original cataloging agency PE SENCICO BE
Transcribing agency PE SENCICO BE
041 ## - LANGUAGE CODE
Language code of text/sound track or separate title spa
084 ## - OTHER CLASSIFICATION NUMBER
Classification number I
-- DIS
-- 2018
Item number G79
100 1# - MAIN ENTRY--PERSONAL NAME
9 (RLIN) 1960
Personal name Granda Sánchez, Pamela
Relator term autor
245 1# - TITLE STATEMENT
Title Modelo de tienda de la marca Guess para jóvenes empresarios en San Isidro /
Statement of responsibility, etc. Pamela Granda Sánchez
246 ## - VARYING FORM OF TITLE
Title proper/short title Desarrollo de diseño interior de tienda para hombres
260 ## - PUBLICATION, DISTRIBUTION, ETC.
Place of publication, distribution, etc. Lima :
Date of publication, distribution, etc. 2018
300 ## - PHYSICAL DESCRIPTION
Extent [34] h. :
Other physical details plans.;
Dimensions 30 x 40 cm.
500 ## - GENERAL NOTE
General note Texto en dos volúmenes. El volumen 2 contiene planos (40 x 60 cm.).
502 ## - DISSERTATION NOTE
Dissertation note Monografía de Titulación.-- Servicio Nacional de Capacitación para la Industria de la Construcción. Escuela Superior Técnica. Carrera Profesional Técnica en Diseño de Interiores, 2018
505 0# - FORMATTED CONTENTS NOTE
Formatted contents note v. 1 : Modelo de tienda de la marca Guess para jóvenes empresarios en San Isidro -- v. 2: Desarrollo de diseño interior de tienda para hombres
650 10 - SUBJECT ADDED ENTRY--TOPICAL TERM
9 (RLIN) 44
Topical term or geographic name entry element Diseño de interiores
650 20 - SUBJECT ADDED ENTRY--TOPICAL TERM
9 (RLIN) 1938
Topical term or geographic name entry element Tiendas
650 20 - SUBJECT ADDED ENTRY--TOPICAL TERM
9 (RLIN) 615
Topical term or geographic name entry element Planos
650 20 - SUBJECT ADDED ENTRY--TOPICAL TERM
9 (RLIN) 880
Topical term or geographic name entry element Centros comerciales
650 20 - SUBJECT ADDED ENTRY--TOPICAL TERM
9 (RLIN) 615
Topical term or geographic name entry element Planos
710 1# - ADDED ENTRY--CORPORATE NAME
Corporate name or jurisdiction name as entry element Servicio Nacional de Capacitación para la Industria de la Construcción.
Subordinate unit Escuela Superior Técnica
9 (RLIN) 1065
910 ## - USER-OPTION DATA (OCLC)
-- hfp
-- hfp
942 ## - ADDED ENTRY ELEMENTS (KOHA)
Koha item type Monografía de Titulación
Source of classification or shelving scheme Dewey Decimal Classification
Existencias
Fecha de la última vez que lo usaron Número de ingreso o de inventario Pago total Signatura topográfica completa Código de barras Precio efectivo desde Tipo de documento Estado perdido Estado dañado No es para préstamo Retirado Ubicación permanente Ubicación actual Fecha de adquisición
14/02/2024 I-00437   I/DIS/2018/G79/v. 2 Bib-Lima24020073 14/02/2024 Monografía de Titulación         Biblioteca Central Lima Biblioteca Central Lima 14/02/2024
14/02/2024 I-00447   I/DIS/2018/G79/v. 1 BibLima24020083 14/02/2024 Monografía de Titulación         Biblioteca Central Lima Biblioteca Central Lima 14/02/2024